[Event "Belgrade-chT Quality"]
[Site "Belgrade"]
[Date "2009.10.31"]
[Round "9"]
[White "Popovic, Predrag V"]
[Black "Lukic, Nenad D"]
[Result "1/2-1/2"]
[WhiteElo "2136"]
[BlackElo "2194"]
[PlyCount "121"]
[EventDate "2009.10.11"]
[EventType "team-tourn"]
[EventRounds "11"]
[EventCountry "YUG"]
[SourceTitle "CBM 133 Extra"]
[Source "ChessBase"]
[SourceDate "2010.01.05"]
[SourceVersion "1"]
[SourceVersionDate "2010.01.05"]
[SourceQuality "1"]

1. e4 e5 2. Nf3 Nc6 3. Bb5 Nge7 4. 0-0 d6 5. h3 Bd7 6. c3 Ng6 7. d4 Be7 8. Be3 0-0 9. Nbd2 Kh8 10. dxe5 dxe5 11. Nc4 f6 12. Qe2 a6 13. Bxc6 Bxc6 14. Rad1 Qc8 15. Bc1 b6 16. Rfe1 Qe6 17. b3 Rfd8 18. Qc2 Rxd1 19. Rxd1 Rd8 20. Rxd8+ Bxd8 21. Ne3 Qd7 22. Nf5 Ne7 23. Ng3 Nc8 24. Be3 Bb7 25. Qd2 Qxd2 26. Nxd2 c5 27. Nc4 Bc7 28. f3 g6 29. Kf2 Kg7 30. Ke2 Kf7 31. b4 Bc6 32. bxc5 Bb5 33. Kd3 bxc5 34. a4 Bxa4 35. Nb2 c4+ 36. Kxc4 Bb5+ 37. Kb4 Bd7 38. Bc5 Ne7 39. Bxe7 Kxe7 40. Nc4 h5 41. Nf1 f5 42. Nfe3 Ke6 43. Nd5 Bd8 44. Kc5 Bb5 45. g3 g5 46. exf5+ Kxf5 47. Nd6+ Ke6 48. Nxb5 axb5 49. Ne3 Ba5 50. Nd1 Bc7 51. Nf2 Kf5 52. Kxb5 h4 53. Ne4 hxg3 54. Nxg3+ Kf4 55. Ne4 Bd8 56. Kc4 Kxf3 57. Kd5 Kf4 58. c4 Be7 59. c5 Bd8 60. c6 Ba5 61. Nc5 1/2-1/2